La biblioteca nacional / (Registro nro. 39197)
[ vista simple ]
| 000 -CABECERA | |
|---|---|
| campo de control de longitud fija | 00567nam a2200169 a 4500 |
| 001 - NÚMERO DE CONTROL | |
| campo de control | 000039707 |
| 005 - FECHA Y HORA DE LA ÚLTIMA TRANSACCIÓN | |
| campo de control | 20201002033706.0 |
| 008 - DATOS DE LONGITUD FIJA--INFORMACIÓN GENERAL | |
| campo de control de longitud fija | 130716s1996 sp a 000 0 spa d |
| 020 ## - NÚMERO INTERNACIONAL ESTÁNDAR DEL LIBRO | |
| Número Internacional Estándar del Libro | 8481811491 |
| 040 ## - FUENTE DE LA CATALOGACIÓN | |
| Centro catalogador/agencia de origen | DO-SdBNP |
| Lengua de catalogación | spa |
| Centro/agencia transcriptor | BNPHU |
| 082 ## - NÚMERO DE LA CLASIFICACIÓN DECIMAL DEWEY | |
| Número de clasificación | xxx |
| 100 1# - ENTRADA PRINCIPAL--NOMBRE DE PERSONA | |
| Nombre de persona | Carrión Gútiez, Manuel |
| 9 (RLIN) | 43196 |
| 245 13 - MENCIÓN DE TÍTULO | |
| Título | La biblioteca nacional / |
| Mención de responsabilidad, etc. | Manuel Carrión Gútiez ; prólogo Luis Alberto de Cuenca y Prado. |
| 260 ## - PUBLICACIÓN, DISTRIBUCIÓN, ETC. | |
| Lugar de publicación, distribución, etc. | Madrid, España : |
| Nombre del editor, distribuidor, etc. | Biblioteca Nacional, |
| Fecha de publicación, distribución, etc. | 1996. |
| 300 ## - DESCRIPCIÓN FÍSICA | |
| Extensión | 205 p. : |
| Otras características físicas | il. ; |
| Dimensiones | 30 cm. |
| 700 1# - PUNTO DE ACCESO ADICIONAL--NOMBRE DE PERSONA | |
| Nombre de persona | Cuenca y Prado, Luis Alberto de, |
| Término indicativo de función/relación | pról. |
| 9 (RLIN) | 65898 |
| Estado de retiro | Estado de pérdida | Restricciones de uso | No para préstamo | Código de colección | Localización permanente | Ubicación/localización actual | Ubicación en estantería | Fecha de adquisición | Número de inventario | Total de préstamos | Signatura topográfica completa | Código de barras | Fecha visto por última vez | Precio válido a partir de | Tipo de ítem Koha |
|---|---|---|---|---|---|---|---|---|---|---|---|---|---|---|---|
| Excluido de préstamo | Monografías: Libros y Folletos | General | General | En catalogación | 16.07.2013 | LF1 | xxx | 39707-10 | 25.06.2020 | 25.06.2020 | No se presta |
